00855cam a2200229 a 45000010005000000030009000050050017000140080041000310200015000720400028000870820019001151000022001342450164001562600031003203000046003514900063003975040051004606500037005116500029005486500023005777000025006004267BD-DhUAP20201208104111.0941107s1997 nyua b 001 0 eng c a0471122475 aDLCcDLCdBD-DhUAPbEng00220a616.89 LAB aL'Abate, Luciano. aThe self in the family : ba classification of personality, criminality and psychopathology /cLuciano L'Abate ; with the collaboration of Margaret S. Baggett. aNew York :bWiley,cc1997. axii, 404 pages :billustrations ;c24 cm. aWiley series in couples and family dynamics and treatment. aIncludes bibliographical references and index. aFamiliesvPsychological aspects. aPersonality development. aCriminal behavior. aBaggett, Margaret S.